00352 2200157 4500001002100000005001500021035002000036245004200056100002200098250000600120300001200126260002200138082000800160084001400168990001200182INLIS00000000000231320250528085732 a0010-05250006051 aGeografi SMA XII /cYusman Hestiyanto0 aYusman Hestiyanto a1 a184 hlm bYudaistira,c2006 a900 a900 YUS g a0612265